Human rights: problems and perspectives (Record no. 486079)

000 -LEADER
fixed length control field 00378cam a22001217a 4500
008 - FIXED-LENGTH DATA ELEMENTS--GENERAL INFORMATION
fixed length control field 180718b1998 xxu||||| |||| 00| 0 eng d
082 ## - DEWEY DECIMAL CLASSIFICATION NUMBER
Classification number C41x54 P774
245 ## - TITLE STATEMENT
Title Human rights: problems and perspectives
Statement of responsibility, etc. edited by Rani Ponnaian
260 ## - PUBLICATION, DISTRIBUTION, ETC.
Place of publication, distribution, etc. Pondicherry
Name of publisher, distributor, etc. The Pondicherry Co-op. Book Society
Date of publication, distribution, etc. 1998
300 ## - PHYSICAL DESCRIPTION
Extent 256p
650 ## - SUBJECT ADDED ENTRY--TOPICAL TERM
Topical term or geographic name entry element Human rights --India
700 ## - ADDED ENTRY--PERSONAL NAME
Personal name Ponnaian, Rani
Holdings
Withdrawn status Lost status Damaged status Not for loan Permanent Location Current Location Date acquired Full call number Barcode Date last seen Price effective from Koha item type
        Indian Institute of Public Administration Indian Institute of Public Administration 2018-08-04 C41x54 P774 GR14807 2018-08-04 2018-08-04 GR

Powered by Koha